Trouvez le nom de ces alcools - Statistiques

Statistiques générales
  • Ce quiz a été pris 3 824 fois
  • Le résultat moyen est 6 sur 8
Statistiques - réponses
Par images Réponse % Correct
vin
100%
bière
99%
champagne
99%
whisky
97%
vodka
80%
sangria
55%
sake
43%
cognac
22%
Aucun quiz correspondant
Distribution des résultats
% des personnes avec chaque résultat
Percentile par nombre de réponses
Votre historique - résultats
Vous n’avez pas pris ce quiz